00633nam a22001577a 4500008004100000040005500041080002500096245009500121260004800216300001000264650001300274653001300287942001200300999001700312952014600329230502b |||||||| |||| 00| 0 eng d aNational Science LibrarycNational Science Library a54(082.2)(048.3)bN4 aProceedings of the thirtieth annual convention of chemists, Calcutta, 22-24 December, 1993 aCalcutta: bIndian Chemical Society, c1993 a265p. aChemists aChemical 2udccPR c25831d25831 00104065408220483_N470937903aNSLbNSLcGF/Rk-6/C-12/R-6d1994-03-16l0o54(082.2)(048.3) N4p174618r2023-05-02 00:00:00w2023-05-02yPR